| 000 | 00380 a2200145 4500 | ||
|---|---|---|---|
| 999 |
_c12639 _d12639 |
||
| 003 | OSt | ||
| 005 | 20240430194942.0 | ||
| 008 | 240430b ||||| |||| 00| 0 eng d | ||
| 020 | _a9781032173122 | ||
| 082 | _a691.1 | ||
| 100 | _aNigel Walter | ||
| 245 | _aNarrative Theory in Conservation Change and Living Buildings | ||
| 260 |
_bRoutledge Taylor & Francis _c2020 |
||
| 942 | _2ddc | ||